000 00321 a2200145 4500
001 57183
020 _a8576662086
040 _cAnchieta - Pituba
100 _aVilachã, Francisco S.
240 1 0 _aA nova Califórnia
_lpor
245 1 0 _aA nova Califórnia
300 _a48
650 4 _aLiteratura juvenil
942 _cBK
999 _c57183
_d57183